Visions for Intercultural Music Teacher Education (Record no. 76603)
[ view plain ]
| 000 -LEADER | |
|---|---|
| fixed length control field | 00691nam a2200205Ia 4500 |
| 008 - FIXED-LENGTH DATA ELEMENTS--GENERAL INFORMATION | |
| fixed length control field | 220705s9999||||xx |||||||||||||| ||und|| |
| 020 ## - INTERNATIONAL STANDARD BOOK NUMBER | |
| International Standard Book Number | 978-3-030-21028-1 |
| 020 ## - INTERNATIONAL STANDARD BOOK NUMBER | |
| International Standard Book Number | 978-3-030-21029-8 |
| 040 ## - CATALOGING SOURCE | |
| Transcribing agency | Springer |
| 041 ## - LANGUAGE CODE | |
| Language code of text/sound track or separate title | English |
| 100 ## - MAIN ENTRY--PERSONAL NAME | |
| Personal name | Heidi Partti |
| 100 ## - MAIN ENTRY--PERSONAL NAME | |
| Personal name | Sidsel Karlsen |
| 100 ## - MAIN ENTRY--PERSONAL NAME | |
| Personal name | Heidi Westerlund |
| 245 #0 - TITLE STATEMENT | |
| Title | Visions for Intercultural Music Teacher Education |
| 260 ## - PUBLICATION, DISTRIBUTION, ETC. | |
| Name of publisher, distributor, etc. | Springer International Publishing |
| Date of publication, distribution, etc. | 2020 |
| 490 ## - SERIES STATEMENT | |
| Series statement | Landscapes: the Arts, Aesthetics, and Education; 26 |
| International Standard Serial Number | 2214-0069 |
| 650 ## - SUBJECT ADDED ENTRY--TOPICAL TERM | |
| Topical term | Education |
| 856 ## - ELECTRONIC LOCATION AND ACCESS | |
| DOI | <a href="https://doi.org/10.1007/978-3-030-21029-8">https://doi.org/10.1007/978-3-030-21029-8</a> |
| Uniform Resource Identifier | <a href="https://link.springer.com/openurl?genre=book&isbn=978-3-030-21029-8">https://link.springer.com/openurl?genre=book&isbn=978-3-030-21029-8</a> |
| 942 ## - ADDED ENTRY ELEMENTS (KOHA) | |
| Koha item type | E-Books |
No items available.
